Capitals of all French departments, collectivities and provinces - Statistics

General Stats
  • This quiz has been taken 76 times
    70 since last reset
  • The average score is 59 of 110
Answer Stats
Department/collectivity Capital % Correct
Paris Paris
98%
Nord Lille
95%
Alpes-Maritimes Nice
95%
Bouches-du-Rhône Marseille
93%
Gironde Bordeaux
91%
Lyon Metropolis | Rhône Lyon
91%
Bas-Rhin Strasbourg
88%
Haute-Garonne Toulouse
88%
Loire-Atlantique Nantes
86%
Corse-du-Sud Ajaccio
81%
Hérault Montpellier
81%
Var Toulon
81%
Seine-Maritime Rouen
79%
Côte-d'Or Dijon
77%
Haute-Savoie Annecy
74%
Calvados Caen
74%
Isère Grenoble
74%
Moselle Metz
74%
Somme Amiens
72%
Haut-Rhin Colmar
72%
Charente-Maritime La Rochelle
72%
Meurthe-et-Moselle Nancy
72%
Pyrénées-Atlantiques Pau
72%
Pyrénées-Orientales Perpignan
72%
Ille-et-Vilaine Rennes
72%
Indre-et-Loire Tours
72%
Cher Bourges
70%
Loiret Orléans
70%
Finistère Quimper
70%
Yvelines Versailles
70%
Vaucluse Avignon
67%
Doubs Besançon
67%
Gard Nîmes
67%
Maine-et-Loire Angers
65%
Sarthe Le Mans
65%
Haute-Vienne Limoges
65%
Aube Troyes
65%
Morbihan Vannes
65%
Haute-Corse Bastia
63%
Hauts-de-Seine Nanterre
63%
Pas-de-Calais Arras
60%
Aude Carcassonne
60%
La Réunion Saint-Denis
60%
Territoire de Belfort Belfort
58%
Puy-de-Dôme Clermont-Ferrand
58%
Loire Saint-Étienne
58%
Manche Saint-Lô
58%
Saône-et-Loire Mâcon
56%
Vienne Poitiers
56%
Drôme Valence
56%
Guyane Cayenne
53%
Savoie Chambéry
53%
Côtes-d'Armor Saint-Brieuc
53%
Tarn Albi
51%
Oise Beauvais
51%
Martinique Fort-de-France
51%
Deux-Sèvres Niort
51%
Hautes-Pyrénées Tarbes
51%
Charente Angoulême
49%
Val-de-Marne Créteil
49%
Landes Mont-de-Marsan
49%
Nièvre Nevers
49%
Yonne Auxerre
47%
Guadeloupe Basse-Terre
47%
Hautes-Alpes Gap
47%
Ariège Foix
44%
Aisne Laon
44%
Mayenne Laval
44%
Tarn-et-Garonne Montauban
44%
Cantal Aurillac
42%
Loir-et-Cher Blois
42%
Ain Bourg-en-Bresse
42%
Eure-et-Loir Chartres
42%
Lot Cahors
40%
Dordogne Périgueux
40%
Ardèche Privas
40%
Corrèze Tulle
40%
Lot-et-Garonne Agen
37%
Gers Auch
37%
Seine-Saint-Denis Bobigny
37%
Vosges Épinal
37%
Essone Évry
37%
Vendèe La Roche-sur-Yon
37%
Lozère Mende
37%
Aveyron Rodez
37%
Orne Alençon
35%
Eure Évreux
35%
Mayotte Mamoudzou
35%
Nouvelle-Calédonie - Province Sud Nouméa
35%
Saint-Pierre et Miquelon Saint Pierre
35%
Marne Châlons-en-Champagne
33%
Ardennes Charleville-Mézières
33%
Allier Moulins
33%
Indre Châteauroux
30%
Alpes-de-Haute-Provence Digne-les-Bains
30%
Jura Lons-le-Saunier
30%
Val-d'Oise Pontoise
30%
Creuse Guéret
28%
Polynésie Française Papeete
28%
Seine-et-Marne Melun
26%
Haute-Saône Vesoul
26%
Haute-Loire Le Puy-en-Velay
23%
Meuse Bar-le-Duc
19%
Haute-Marne Chaumont
19%
Saint-Barthélemy Gustavia
9%
Nouvelle-Calédonie - Province des îles Loyauté
9%
Nouvelle-Calédonie - Province Nord Koné
7%
Saint-Martin Marigot
7%
Wallis-et-Futuna Mata Utu
7%
No matching quizzes found
Score Distribution
Percent of People with Each Score
Percentile by Number Answered
Your Score History
You have not taken this quiz since the last reset